00614nam a2200145 a 4500008004100000050001600041245010400057246003600161260004000197300000900237350000900246995008000255999001700335952011600352120416s1973 ||||||||||||||||| || u aHD 8803 Zam10aReport of the working party appointed by the General Council to inquire into the structure of trade aZambia Congress of Trade Unions aKitwebZCTU National Centrec(1973) a87p. a0.00 D0.00FCBU-MAIN LIBRARY (Kitwe)H1I17.40M1UAVAILABLEZZambiana Collection c56175d56175 00102lcc4070a001b001cZambiana Collectiond2022-11-30l0oHD 8803 Zamp024249r2022-11-30w2022-11-30y002